Limon

Đã lưu trong:
Chi tiết về thư mục
Những tác giả chính: Kajii, Motojiro (Tác giả), Riabovoi, Ekaterina (Tác giả)
Định dạng: Sách
Ngôn ngữ:Tiếng Nga
Được phát hành: Moscú Hyperion 2004
Loạt:Terra Nipponica, 7
Những chủ đề:
Các nhãn: Thêm thẻ
Không có thẻ, Là người đầu tiên thẻ bản ghi này!

MARC

LEADER 00000nam a2200000 a 4500
001 UCK6250
003 CL-VaPUC
008 050909e20040000ru |||||||||||||||||rus|d
020 |a 5893320980 
082 0 4 |a 895.603  |b KAJ  |2 21 
100 0 |a Kajii, Motojiro  |e author  |9 495317 
700 0 |a Riabovoi, Ekaterina  |e author  |9 495318 
245 1 0 |a Limon 
300 |a 341 p 
942 |c BK 
945 |d 20050909 00:00:00  |a jcarroza 
260 |a Moscú  |b Hyperion  |c 2004 
650 0 |a Literatura japonesa  |9 266543 
650 7 |a NOVELAS JAPONESAS  |2 CL-VaPUC  |9 495319 
583 |a last modification  |c 20171017 03:26:23  |k Rodrigo Vera 
490 0 |a Terra Nipponica, 7 
999 |c 314550  |d 314548 
952 |0 0  |1 0  |4 0  |6 895_603000000000000_KAJ_2004  |7 0  |8 A  |9 386940  |a BIBGIM  |b BIBGIM  |d 2019-11-22  |i 4159004  |o 895.603 KAJ 2004  |p 4159004  |r 2025-01-15  |w 2019-11-22  |y BK  |k ORI